000 01109nam0a22003011 4500
001 rc\1296577
005 20260510063132.0
035 _a(NLR Aleph) 005284345
090 _a6129215
_c6129215
100 _a20060306d1863 |||y0rusy50 ca
101 1 _arus
_cger
102 _aRU
105 _ay z |||||
200 1 _aИдеи из книги "Le grand" Гейнриха Гейне
_fПер. И.В. Майнова
210 _aМосква
_cУнив. тип.
_d1863
215 _a[2], 100 с.
_d15
500 1 1 _6z01702
_aLe grand
_2nlr_sh2
700 1 _8rus
_7ca
_aГейне
_bГ.
_f1797-1856
_gГенрих
_3RU\NLR\AUTH\7718910
_91986
702 1 _4730
_7ca
_8rus
_aМайнов
_bИ. В.
_gИван Васильевич
_9234354
_3RU\NLR\AUTH\770234410
702 1 _4570
_8rus
_7ca
_aГейне
_bГ.
_f1797-1856
_gГенрих
_3RU\NLR\AUTH\7718910
_91986
801 0 _aRU
_bNLR
_c20060306
_gpsbo
801 0 _aRU
_bRuMoRGB
_c20060306
_2psbo
801 1 _aRU
_bProSoft-M
_c20060306
_2rusmarc
801 2 _aRU
_bNLR
_c20130317
_2rusmarc
852 _aNLR
_bВП
_j3966
852 _aNLR
_bМф
_jК1/25775
942 _cBOOK
980 _aNB